UM Logo

Preparing health and physical education teachers to become trauma invested : (Record no. 22517)

MARC details
000 -LEADER
fixed length control field 01021nam a22002417a 4500
003 - CONTROL NUMBER IDENTIFIER
control field OSt
005 - DATE AND TIME OF LATEST TRANSACTION
control field 20250822143912.0
008 - FIXED-LENGTH DATA ELEMENTS--GENERAL INFORMATION
fixed length control field 241011b |||||||| |||| 00| 0 eng d
040 ## - CATALOGING SOURCE
Transcribing agency 0
082 ## - DEWEY DECIMAL CLASSIFICATION NUMBER
Classification number DPer 613.705 J826 January-December 2020 v. 91 n. 1-9
100 ## - MAIN ENTRY--PERSONAL NAME
Personal name Wynard, Tammy.
Relator term author.
9 (RLIN) 62859
245 ## - TITLE STATEMENT
Title Preparing health and physical education teachers to become trauma invested :
Remainder of title trauma-sensitive practices in health education /
Statement of responsibility, etc. Tammy Wynard, Sarah Benes, and Kevin Lorson.
260 ## - PUBLICATION, DISTRIBUTION, ETC. (IMPRINT)
Place of publication, distribution, etc. Virginia ;
Name of publisher, distributor, etc. American Alliance for Health ,
Date of publication, distribution, etc. November-December 2020.
300 ## - PHYSICAL DESCRIPTION
Extent Volume 91, pages 22-29 :
Other physical details illustration ;
Dimensions 28 cm.
500 ## - GENERAL NOTE
General note The Journal of Physical Education Recreation & Dance, vol. 91, no. 9, pages 22-29, November-December 2020.
650 #0 - SUBJECT ADDED ENTRY--TOPICAL TERM
Topical term or geographic name as entry element Child abuse.
9 (RLIN) 37892
650 #0 - SUBJECT ADDED ENTRY--TOPICAL TERM
Topical term or geographic name as entry element Health education.
9 (RLIN) 38188
650 #0 - SUBJECT ADDED ENTRY--TOPICAL TERM
Topical term or geographic name as entry element Well-being.
9 (RLIN) 54342
700 ## - ADDED ENTRY--PERSONAL NAME
Personal name Wynard, Tammy.
Relator term author.
9 (RLIN) 62748
700 ## - ADDED ENTRY--PERSONAL NAME
Personal name Benes, Sarah.
Relator term author.
9 (RLIN) 62851
700 ## - ADDED ENTRY--PERSONAL NAME
Personal name Lorson, Kevin.
9 (RLIN) 42620
942 ## - ADDED ENTRY ELEMENTS (KOHA)
Source of classification or shelving scheme Dewey Decimal Classification
Koha item type Periodicals
Holdings
Withdrawn status Lost status Source of classification or shelving scheme Damaged status Not for loan Collection code Home library Current library Date acquired Total Checkouts Full call number Date last seen Price effective from Koha item type Public note
    Dewey Decimal Classification     Periodicals UM Digos College - LIC UM Digos College - LIC 10/11/2024   DPer 613.705 J826 January-December 2020 v. 91 n. 1-9 10/11/2024 10/11/2024 Periodicals Periodical Article